Quantity surveyors fees: a survey of the fees charged by professional quantity surveying practices (Record no. 102442)
[ view plain ]
| 000 -LEADER | |
|---|---|
| fixed length control field | 01007cam a2200241 4500 |
| 001 - CONTROL NUMBER | |
| control field | |
| 008 - FIXED-LENGTH DATA ELEMENTS--GENERAL INFORMATION | |
| fixed length control field | 000000n2002 000 0 eng u |
| 020 ## - INTERNATIONAL STANDARD BOOK NUMBER | |
| International Standard Book Number | 1903202205 |
| 035 ## - SYSTEM CONTROL NUMBER | |
| System control number | (Sirsi) u119906 |
| 050 ## - LIBRARY OF CONGRESS CALL NUMBER | |
| Classification number | 331.2166 |
| 110 ## - MAIN ENTRY--CORPORATE NAME | |
| Corporate name or jurisdiction name as entry element | Mizra & Nacey Research |
| 9 (RLIN) | 3806 |
| 245 ## - TITLE STATEMENT | |
| Title | Quantity surveyors fees: a survey of the fees charged by professional quantity surveying practices |
| 250 ## - EDITION STATEMENT | |
| Edition statement | 3rd ed. |
| 260 ## - PUBLICATION, DISTRIBUTION, ETC. | |
| Place of publication, distribution, etc. | Ford |
| Name of publisher, distributor, etc. | Mizra & Nacey Research |
| Date of publication, distribution, etc. | 2002 |
| 300 ## - PHYSICAL DESCRIPTION | |
| Extent | 38p. |
| Other physical details | ill. |
| Dimensions | 31cm. |
| 350 ## - PRICE (NR) (BK AM CF MU VM SE) [OBSOLETE] | |
| Price | 125 |
| 520 ## - SUMMARY, ETC. | |
| Summary, etc. | Presents average fee charts for different types of jobs, which are derived from 1,500 jobs carried out by 300 professional quantity surveying practices. Provides data on the seven main market sectors: private housing, leisure, offices, industrial, retail and public & community, along with 31 specific sub-sectors. NOT TO BE PHOTOCOPIED. |
| 650 ## - SUBJECT ADDED ENTRY--TOPICAL TERM | |
| Topical term or geographic name entry element | PROFESSIONAL FEES |
| 650 ## - SUBJECT ADDED ENTRY--TOPICAL TERM | |
| Topical term or geographic name entry element | MARKET SURVEYS |
| 650 ## - SUBJECT ADDED ENTRY--TOPICAL TERM | |
| Topical term or geographic name entry element | SALARY SURVEYS |
| 690 ## - LOCAL SUBJECT ADDED ENTRY--TOPICAL TERM (OCLC, RLIN) | |
| Topical term or geographic name as entry element | Quantity surveying |
| 9 (RLIN) | 6263 |
| 942 ## - ADDED ENTRY ELEMENTS (KOHA) | |
| Suppress in OPAC | 0 |
| Withdrawn status | Lost status | Source of classification or shelving scheme | Damaged status | Not for loan | Home library | Current library | Shelving location | Date acquired | Cost, normal purchase price | Total Checkouts | Full call number | Barcode | Date last seen | Date last checked out | Copy number | Cost, replacement price | Price effective from | Koha item type |
|---|---|---|---|---|---|---|---|---|---|---|---|---|---|---|---|---|---|---|
| Dewey Decimal Classification | London | London | Basement | 12/11/2002 | 125.00 | 14 | BASEMENT | 30066573 | 06/08/2019 | 08/01/2010 | 1 | 125.00 | 06/08/2019 | Book |